[Event "GER-chA Seniors 26th"]
[Site "Bad Neuenahr"]
[Date "2014.08.13"]
[Round "9"]
[White "Bachmann, Rolf"]
[Black "Ludwig, Wolfgang"]
[Result "1-0"]
[WhiteElo "2041"]
[BlackElo "1738"]
[PlyCount "95"]
[EventDate "2014.08.05"]
[EventType "swiss"]
[EventRounds "9"]
[EventCountry "GER"]
[SourceTitle "EXT 2018"]
[Source "ChessBase"]
[SourceDate "2017.10.13"]
[SourceVersion "1"]
[SourceVersionDate "2017.10.13"]
[SourceQuality "1"]

1. c4 e6 2. d4 d5 3. Nf3 Nf6 4. Nc3 Be7 5. Bf4 0-0 6. e3 c5 7. dxc5 Bxc5 8. a3 Nc6 9. Qc2 Qa5 10. Rd1 Be7 11. Nd2 a6 12. Nb3 Qd8 13. Be2 Qd7 14. Bf3 Rd8 15. cxd5 exd5 16. Nxd5 Nxd5 17. Rxd5 Qe6 18. Rxd8+ Nxd8 19. 0-0 Bd7 20. Nd4 Qf6 21. Rc1 Rc8 22. Qd2 g5 23. Rxc8 Bxc8 24. Bg3 g4 25. Be4 h5 26. Qc2 Be6 27. Qc7 h4 28. Be5 Qg5 29. Qb8 Bd7 30. Qc7 Be6 31. Nxe6 Nxe6 32. Qb8+ Nd8 33. Bc3 Bc5 34. Qe5 Qxe5 35. Bxe5 Be7 36. Bf5 g3 37. hxg3 hxg3 38. Bxg3 Bf6 39. b3 Nc6 40. Bc8 Nd8 41. Bd6 Bc3 42. f4 Kg7 43. Kf2 f6 44. g4 Ba5 45. Kf3 Bb6 46. Bb4 a5 47. Bc3 Bc7 48. g5 1-0

[Event "GER-chA Seniors 26th"]
[Site "Bad Neuenahr"]
[Date "2014.08.11"]
[Round "7"]
[White "Zimmermann, Manfred"]
[Black "Ludwig, Wolfgang"]
[Result "1-0"]
[WhiteElo "1925"]
[BlackElo "1738"]
[PlyCount "51"]
[EventDate "2014.08.05"]
[EventType "swiss"]
[EventRounds "9"]
[EventCountry "GER"]
[SourceTitle "EXT 2018"]
[Source "ChessBase"]
[SourceDate "2017.10.13"]
[SourceVersion "1"]
[SourceVersionDate "2017.10.13"]
[SourceQuality "1"]

1. d4 d5 2. Nf3 Nf6 3. e3 e6 4. Bd3 c5 5. b3 Nc6 6. a3 cxd4 7. exd4 Qc7 8. Bb2 Bd6 9. Qe2 0-0 10. Ne5 Nd7 11. f4 Nd8 12. 0-0 Re8 13. Nd2 Nf8 14. c4 b6 15. Rac1 Qe7 16. b4 f6 17. c5 Bb8 18. Ng4 Bd7 19. Rce1 Qf7 20. Rf3 e5 21. Rg3 exf4 22. Nh6+ Kh8 23. Nxf7+ Kg8 24. Qxe8 Bxe8 25. Nh6+ Kh8 26. Rxe8 1-0

[Event "GER-chA Seniors 26th"]
[Site "Bad Neuenahr"]
[Date "2014.08.08"]
[Round "4"]
[White "Ludwig, Wolfgang"]
[Black "Emami, Madjid"]
[Result "1-0"]
[WhiteElo "1738"]
[BlackElo "2003"]
[PlyCount "71"]
[EventDate "2014.08.05"]
[EventType "swiss"]
[EventRounds "9"]
[EventCountry "GER"]
[SourceTitle "EXT 2018"]
[Source "ChessBase"]
[SourceDate "2017.10.13"]
[SourceVersion "1"]
[SourceVersionDate "2017.10.13"]
[SourceQuality "1"]

1. d4 g6 2. c4 Bg7 3. Nc3 d6 4. e4 c6 5. Nf3 a6 6. Be2 b5 7. 0-0 b4 8. Nb1 Nd7 9. a3 c5 10. axb4 cxb4 11. Ne1 Ngf6 12. f3 0-0 13. Be3 Qc7 14. Nd2 e5 15. Nd3 Rb8 16. d5 Nh5 17. Qc2 Nf4 18. Nxf4 exf4 19. Bxf4 Nc5 20. Be3 Qe7 21. Nb3 Nxb3 22. Qxb3 f5 23. Qc2 Qe5 24. Rab1 b3 25. Qd2 Re8 26. Bd3 fxe4 27. fxe4 Qh5 28. Bf4 Bd4+ 29. Kh1 Bc5 30. Be2 Qh4 31. Bd3 Qe7 32. Bg5 Qa7 33. Rf6 Bd7 34. Rbf1 Rf8 35. Qf4 Qa8 36. Bh6 1-0